Doctrina política: carta de Jamaica, discurso de angostura, preámbulo a la constitución boliviana

Saved in:
Bibliografiske detaljer
Hovedforfatter: Bolívar, Simón 1783-1830
Format: Bog
Sprog:spansk
Udgivet: Santiago Ercilla 1940
Serier:Biblioteca Amauta. Serie América
Fag:
Tags: Tilføj Tag
Ingen Tags, Vær først til at tagge denne postø!

MARC

LEADER 00000nam a2200000 a 4500
001 UCO2733
003 CL-VaPUC
008 000608e19400000CL |||||||||||||||||spa|d
082 0 4 |a 320.5  |b BOL  |2 21 
100 |a Bolívar, Simón   |d 1783-1830  |9 265422 
245 1 0 |a Doctrina política: carta de Jamaica, discurso de angostura, preámbulo a la constitución boliviana 
300 |a 129 p 
942 |c BK 
945 |d 20000608 00:00:00  |a rherrera 
260 |a Santiago  |b Ercilla  |c 1940 
600 0 |a Bolívar, Simón   |d 1783-1830  |9 265422 
650 7 |a FILOSOFIA POLITICA  |2 CL-VaPUC  |9 446305 
650 0 |a Doctrinas políticas  |9 255835 
650 0 |a Historia de américa siglo 19  |9 406763 
651 0 |a Bolivia  |9 255454 
583 |a last modification  |c 20160829 01:37:46  |k Rodrigo Vera 
490 0 |a Biblioteca Amauta. Serie América 
999 |c 289231  |d 289229 
952 |0 0  |1 0  |4 0  |6 320_500000000000000_BOL_1940  |7 0  |8 X  |9 337465  |a BIBHIS  |b BIBHIS  |d 2019-11-20  |i 1286471  |o 320.5 BOL 1940  |p 1286471  |r 2024-01-30  |w 2019-11-20  |y BK_X  |k HIS